[Event "IECG QN.2004.0.00332"]
[Site "IECG email"]
[Date "2004.07.19"]
[Round "?"]
[White "Ajolfi, Roberto"]
[Black "Miller, Todd Q"]
[Result "1-0"]
[WhiteElo "800"]
[BlackElo "800"]
[PlyCount "33"]
[EventDate "2004.07.19"]
[EventType "tourn (corr)"]
[EventRounds "6"]
[SourceTitle "Corr 2008"]
[Source "ChessBase"]
[SourceDate "2008.06.24"]
[SourceVersion "1"]
[SourceVersionDate "2008.06.24"]
[SourceQuality "1"]

1. d4 d5 2. c4 Be6 3. cxd5 Bxd5 4. Nc3 Bc4 5. Qa4+ c6 6. Qxc4 Nf6 7. Nf3 Qa5 8. Bd2 e6 9. Ne4 Qf5 10. Nxf6+ Qxf6 11. e4 Be7 12. Bg5 Qg6 13. Bxe7 Kxe7 14. Qb4+ Kf6 15. e5+ Kf5 16. d5 Rd8 17. Bd3# 1-0